Former Names of Countries - Statistics

General Stats
  • This quiz has been taken 4,431 times
    4,390 since last reset
  • The average score is 8 of 11
Answer Stats
Country Name Former Name % Correct
Myanmar Burma
94%
Czech Republic and Slovakia Czechoslovakia
93%
Iran Persia
91%
Eswatini Swaziland
87%
D.R. Congo Zaire
86%
Thailand Siam
85%
Zimbabwe Southern Rhodesia
79%
Sri Lanka Ceylon
74%
Ethiopia Abyssinia
60%
Zambia Northern Rhodesia
47%
Iraq Mesopotamia
43%
No matching quizzes found
Score Distribution
Percent of People with Each Score
Percentile by Number Answered
Your Score History
You have not taken this quiz since the last reset